| 000 | 00415nam a2200157Ia 4500 | ||
|---|---|---|---|
| 005 | 20240618031117.0 | ||
| 008 | 240331s9999 xx 000 0 und d | ||
| 082 |
_bGAN _a891.48 |
||
| 100 | _aGanesalingan, S | ||
| 245 | 0 |
_aUlaga maha kaviyangal koorum kathaikal _cS. Ganeshalingan |
|
| 260 |
_aChennai _bKumaran Publishers _c2002 |
||
| 300 | _a184 p ., | ||
| 650 | _aHistorical | ||
| 650 | _aSocialisum | ||
| 942 | _cL | ||
| 999 |
_c3935 _d3935 |
||